000 00269nam a2200133Ia 4500
100 _aZaks/R
942 _cBK
654 _aHandbook
245 _aThe CP/M Handbook With MP/M
260 _bSybex
_aBerkeley
_c1980
082 _a1.6
300 _a320
546 _aENGLISH
999 _c20838
_d20838